Technická rekultivácia pozemku - účtovné a daňové súvislosti

Charakteristika pozemku a oceňovanie pozemku v účtovníctve. Definícia technickej rekultivácie pozemku. Technická rekultivácia pozemku a jej daňové odpisovanie. Technická rekultivácia pozemku v účtovných predpisoch.

Saved in:
Bibliographic Details
Main Author: Pastierik, Vladimír
Format: Book Chapter
Language:Slovak
Subjects:
Tags: Add Tag
No Tags, Be the first to tag this record!

MARC

LEADER 00000naa a2200000 4500
001 0278601
005 20210921073956.2
041 0 |a slo 
044 |a SK 
245 1 0 |a Technická rekultivácia pozemku - účtovné a daňové súvislosti  |c Vladimír Pastierik 
520 |a Charakteristika pozemku a oceňovanie pozemku v účtovníctve. Definícia technickej rekultivácie pozemku. Technická rekultivácia pozemku a jej daňové odpisovanie. Technická rekultivácia pozemku v účtovných predpisoch. 
610 2 0 |a účtovníctvo podvojné 
610 2 0 |a pozemky 
610 2 0 |a oceňovanie 
610 2 0 |a rekultivácia 
610 2 0 |a odpisy daňové 
100 1 |a Pastierik, Vladimír